00516pab a2200145 454500008004000000100002100040245016200061260000900223300001500232362000800247650003800255650002200293700002100315773003400336180718b2003 xxu||||| |||| 00| 0 eng d aBurgess, Katrina aExplaining populist party adaptation in Latin America: environmental and organizational determinants of party change in Argentina, Mexico, Peru and Venezuela c2003 ap.881-911. aOct aPolitical parties - Latin America aPolitical parties aLevitsky, Steven aComparative Political Studies